000 00645nam a2200253 a 4500
001 nice12345678
003 IN_TiNIC
005 20260116011622.0
008 050524s1837 lona grp 000 0 per
020 _a
_c100
082 0 0 _a225.59155
_bBRI
245 _aPaiman-E-Taza
_b New Testament
260 _aLondon
_bBritish and Foreign Bible Society
_c1837
300 _a627p
500 _aincludes index and biblioraphy
505 2 _aAppendix
650 _aBible-Persian
650 _aBible N.T. Persian
710 2 _aBritish and Foreign Bible Society
710 2 _aHenry Martyn
902 _bRBA
942 _cBK
999 _c2925
_d2925